異音同字駅 - Statistics

General Stats
  • This quiz has been taken 121 times
  • The average score is 10 of 93
Answer Stats
漢字 読み方 % Correct
神戸 かんべ、ごうど、こうべ
45%
高田 こうだ、たかた、たかだ
34%
柏原 かいばら、かしわばら、かしわら
33%
三田 さんだ、みた
33%
中田 ちゅうでん、なかた、なかだ
32%
日本橋 にっぽんばし、にほんばし
28%
府中 こう、ふちゅう
26%
神田 かんだ、こうだ
25%
新田 しんでん、にった
24%
川内 かわうち、せんだい
23%
石原 いさ、いしわら
22%
新井 あらい、にい
21%
三郷 さんごう、みさと
21%
国府 こう、こくふ、こくぶ
19%
八幡 はちまん、やはた、やわた
19%
戸田 とだ、へた
18%
桂川 かつらがわ、けいせん
16%
西院 さい、さいいん
16%
島田 しまた、しまだ
16%
小倉 おぐら、こくら
15%
神代 こうじろ、じんだい
14%
西条 さいじょう、にしじょう
14%
栄町 さかえちょう、さかえまち
14%
原田 はらだ、はるだ
14%
山崎 やまさき、やまざき
14%
新木 あらき、しんぎ
13%
大原 おおはら、おおばら
13%
横川 よこがわ、よこかわ
13%
吉田 よした、よしだ
13%
高野 こうや、たかの
12%
生田 いくた、しょうでん
11%
牛田 うした、うしだ
11%
大島 おおしま、おおじま
11%
富田 とみた、とみだ、とんだ
11%
中島 なかしま、なかじま
11%
別府 べっぷ、べふ
11%
大和田 おおわだ、おわだ
10%
小林 おばやし、こばやし
10%
新川 しんかわ、にっかわ
10%
新野 あらたの、にいの
9%
稲荷町 いなりちょう、いなりまち
9%
蒲池 かばいけ、かまち
9%
木幡 こはた、こばた、こわた
9%
平田 ひらた、へいた
9%
矢田 やた、やだ
9%
穴太 あのう、あのお
8%
植田 うえた、うえだ
8%
菊川 きくかわ、きくがわ
8%
北山田 きたやまた、きたやまだ
8%
上道 あがりみち、じょうとう
7%
内海 うちうみ、うつみ
7%
浦田 うらた、うらだ
7%
下松 くだまつ、しもまつ
7%
篠原 ささばら、しのはら
7%
青海 あおみ、おうみ
6%
大塚 おおつか、おおづか
6%
加太 かだ、かぶと
6%
上牧 かみもく、かんまき
6%
神前 かんざき、こうざき
6%
小俣 おばた、おまた
5%
白山 しらやま、はくさん
5%
大河原 おおかわら、おおがわら
4%
観音寺 かんおんじ、かんのんじ
4%
北河内 きたがわち、きたごうち
4%
黒川 くろかわ、くろごう
4%
桜沢 さくらさわ、さくらざわ
4%
新川町 しんかわちょう、しんかわまち
4%
土橋 つちはし、どばし
4%
仁井田 にいた、にいだ
4%
西原 にしはら、にしばら
4%
向原 むかいはら、むこうはら
4%
観音町 かんおんまち、かんのんまち
3%
小泉町 こいずみちょう、こいずみまち
3%
新郷 しんごう、にいざと
3%
井原 いはら、いばら
2%
入野 いりの、にゅうの
2%
梅林 うめばやし、ばいりん
2%
大山寺 おおやまでら、たいさんじ
2%
金島 かなしま、かねしま
2%
千歳町 ちとせちょう、ちとせまち
2%
新里 にいさと、にさと
2%
番田 ばんだ、ばんでん
2%
本宮 ほんぐう、もとみや
2%
渡瀬 わたぜ、わたらせ
2%
小柳 おやなぎ、こやなぎ
1%
宝町 たからちょう、たからまち
1%
滝谷 たきだに、たきや
1%
中郡 ちゅうぐん、なかごおり
1%
十川 とおかわ、とがわ
1%
額田 ぬかた、ぬかだ
1%
東新川 ひがししんかわ、ひがしにっかわ
1%
三沢 みさわ、みつさわ
1%
二軒茶屋 にけんちゃや、にけんぢゃや
0%
No matching quizzes found
Score Distribution
Percent of People with Each Score
Percentile by Number Answered
Your Score History
You have not taken this quiz